000 01565 a2200217 4500
001 47937
005 20260407155745.0
008 260407a1971 arg spa d
003 AR-UNSa-BCEJYS
040 _aAR-UNSa-BCEJYS
_bspa
_cAR-UNSa-BCEJYS
080 _a336.74
_xMoneda. Sistema monetario
245 1 0 _aTeoría Monetaria
264 1 _aBuenos Aires :
_bAmorrortu Editores
_c1971
300 _a232 p.
_c20 cm.
505 _aPRIMERA PARTE: Nuevas ideas en teoría monetaria: 1. Dinero, deuda y tasa de interés - 2. Inflación, ahorro y tasa real de interés - 3. Crecimiento, equilibrio y tasa nominal de interés - 4. Financiamiento del déficit y crecimiento - 5. Inflación, atesoramiento y estado estacionario - 6. Inflación, nivel de financiamiento y crecimiento máximo - 7. El problema de detener la inflación -- SEGUNDA PARTE: La economía mundial: 8. La teoría monetaria y el patrón oro mundial - 9. Devaluación - 10. Interacción entre áreas monetarias - 11. Políticas económicas multilaterales y modificaciones en el tipo de cambio - 12. ¿Debe Estados Unidos devaluar el dólar? - 13. Oro, dólares y papel oro - 14. Liquidez internacional e inflación - 15. Distribución internacional del dinero en una economía mundial en crecimiento - 16. La política monetaria de Europa y Estados Unidos - 17. Las ganancias de acuñación y la estructura óptima de un banco central mundial.
942 _cBK
590 _aniveau_biblio:m niveau_hierar:0
100 1 _aCalabuig, Alicia
700 1 _aMundell, Robert A.
700 1 _aMurúa, Ricardo
999 _c4504
_d4504